000 00297 a2200109 4500
001 ART_35141
005 20260410161627.0
008 260409a
245 1 0 _aImpuestos diferidos en el PRT 34
100 1 _aZgaib, Alfredo O.
773 0 _tEnfoques
_g- NÂș 10 (oct. 2015)
_wREV416
999 _c12095
_d12095